|
|
|
|
| LEADER |
03393nam a22005295i 4500 |
| 001 |
978-0-306-47533-7 |
| 003 |
DE-He213 |
| 005 |
20151121024741.0 |
| 007 |
cr nn 008mamaa |
| 008 |
100301s2001 ne | s |||| 0|eng d |
| 020 |
|
|
|a 9780306475337
|9 978-0-306-47533-7
|
| 024 |
7 |
|
|a 10.1007/0-306-47533-2
|2 doi
|
| 040 |
|
|
|d GrThAP
|
| 050 |
|
4 |
|a LC1051-1072
|
| 050 |
|
4 |
|a LC1041-1048
|
| 072 |
|
7 |
|a JNRV
|2 bicssc
|
| 072 |
|
7 |
|a EDU031000
|2 bisacsh
|
| 072 |
|
7 |
|a EDU046000
|2 bisacsh
|
| 082 |
0 |
4 |
|a 370.113
|2 23
|
| 245 |
1 |
0 |
|a Computers and Education
|h [electronic resource] :
|b Towards an Interconnected Society /
|c edited by Manuel Ortega, José Bravo.
|
| 264 |
|
1 |
|a Dordrecht :
|b Springer Netherlands,
|c 2001.
|
| 300 |
|
|
|a XV, 342 p. 95 illus.
|b online resource.
|
| 336 |
|
|
|a text
|b txt
|2 rdacontent
|
| 337 |
|
|
|a computer
|b c
|2 rdamedia
|
| 338 |
|
|
|a online resource
|b cr
|2 rdacarrier
|
| 347 |
|
|
|a text file
|b PDF
|2 rda
|
| 505 |
0 |
|
|a Plenary Lectures -- Artificial Intelligence in the HyperClass: Design Issues -- Advanced Learning Environments: Changed Views and Future Perspectives -- Learning Communities in the Web: Concepts and strategies -- Papers -- Evaluation Criteria for Hypermedia Educational Systems -- Creating Collaborative Environments for Web-based Training Scenarios -- The Next Step in Computer Based Education: the Learning Technologies Standardisation -- Foundations of Programming: a Teaching Improvement -- Development of Didactic Resources for Distance Learning based on Simulation -- Tutormap -- Using teachers as heuristics evaluators of educational software interfaces -- Test Construction and Management with Network Adaptive Control -- Symbolic Calculus Training by Means of Math Trainer -- EJS: An Authoring Tool to Develop Java Applications -- Adam Case -- SICAS -- Simurob and JRF -- Collares Ortofónicos -- Exercita -- Using Simulation and Virtual Reality for Distance Education -- An Experience on Virtual Teaching: Aula Net -- ED68K -- HCI Curricula in Spain -- Interactive Design of Adaptive Courses -- Guided Collaborative Chess Tutoring through Game History Analysis -- Using Analysis, Design and Development of Hypermedia Applications in the Educational Domain -- Ubiquitous Computing and Collaboration -- Creation of a Multimedia Systemfor Learning about Oscillations -- Shared Whiteboard Manager and Student Notebook for the PLAN-G Telematic Platform -- Guiding the User -- Pedagogical Strategies With Hypermedia -- Improving the Language Mastery through Responsive Environments.
|
| 650 |
|
0 |
|a Education.
|
| 650 |
|
0 |
|a Multimedia information systems.
|
| 650 |
|
0 |
|a User interfaces (Computer systems).
|
| 650 |
|
0 |
|a Education
|x Data processing.
|
| 650 |
|
0 |
|a Educational technology.
|
| 650 |
1 |
4 |
|a Education.
|
| 650 |
2 |
4 |
|a Professional & Vocational Education.
|
| 650 |
2 |
4 |
|a User Interfaces and Human Computer Interaction.
|
| 650 |
2 |
4 |
|a Multimedia Information Systems.
|
| 650 |
2 |
4 |
|a Educational Technology.
|
| 650 |
2 |
4 |
|a Computers and Education.
|
| 700 |
1 |
|
|a Ortega, Manuel.
|e editor.
|
| 700 |
1 |
|
|a Bravo, José.
|e editor.
|
| 710 |
2 |
|
|a SpringerLink (Online service)
|
| 773 |
0 |
|
|t Springer eBooks
|
| 776 |
0 |
8 |
|i Printed edition:
|z 9780792371885
|
| 856 |
4 |
0 |
|u http://dx.doi.org/10.1007/0-306-47533-2
|z Full Text via HEAL-Link
|
| 912 |
|
|
|a ZDB-2-SHU
|
| 912 |
|
|
|a ZDB-2-BAE
|
| 950 |
|
|
|a Humanities, Social Sciences and Law (Springer-11648)
|